000 01193nam a2200325 i 4500
003 EG-GICUC
005 20260121101733.0
008 260118s2014 ua ||||fr|||| 00| 0 ara d
017 _a2013/24003
020 _a978-977-04-7485-7
040 _a EG-GICUC
_bara
_c EG-GICUC
_d EG-GICUC
_erda
041 0 _aara
082 0 4 _221
_a345.253
_bس ع . ب
092 0 4 _221
099 _aLaw1 07 345.253 س ع . ب 2014
100 0 _aسعاد الشرقاوي
_eمؤلف.
245 1 0 _aبنك مصر رائد الإستثمار المباشر :
_bبناء اقتصاد وطني بالتمويل الذاتي /
_cدكتورة سعاد الشرقاوي
264 1 _aالقاهرة:
_bدار النهضة العربية ،
_c2014.
300 _a143؛صفحة
_c24 سم
336 _2rda content
_atext
337 _2rda media
_aComputer
338 _2rda carrier
_aOnline Resource
504 _aيشتمل على إرجاعات ببليوجرافية.
546 _aالنص باللغة العربية
650 1 _aالقانون الإداري
_2qrmak
651 1 _2qrmak
856 4 0 _uhttps://fll.law.cu.edu.eg/fulltext/bks/B07-01870.pdf
905 _a74
942 _2ddc
_n0
_cBK
_e21
999 _c57371
_d57371